| 000 | 01959nas a2200277Ia 4500 | ||
|---|---|---|---|
| 001 | R050-S0935 | ||
| 003 | IT-CnALBA | ||
| 008 | 170116c99999999xx |||||||||||| ||und|| | ||
| 040 |
_aIT-CnALBA _cIT-CnALBA |
||
| 041 | _aITALIANO | ||
| 100 | _aMONTI ALESSANDRO AUGUSTO | ||
| 210 | _aLA SCUOLA CATTOLICA | ||
| 222 | _aLA SCUOLA CATTOLICA | ||
| 245 | 0 | _aLA SCUOLA CATTOLICA. GENNAIO GIUGNO 1910. VOL. I | |
| 250 | _a1a ed. | ||
| 260 |
_a MONZA _bARTIGIANELLI SCUOLA TIPOGR. _c1910 [1° Ed.:1910 - Ed.Ling.Originale: 1910] |
||
| 300 | _a936 p. | ||
| 310 | _aMENSILE | ||
| 362 | _aFascicolo: 1 / Anno: 38 (1910) | ||
| 500 | _aLA QUESTIONE LAURETANA. DANTE COSMOPOLITA. S. CARLO E IL VENERABILE BOSCAPÈ, MANZINI P. L. IL SISTEMA MORALE DI S. ALFONSO. MONDINO S. NUOVE SCOPERTE SULL'UOMO PRIMITIVO. GAFFURI C. AUTONOMIA DELLE TRE FIGURE SILLOGISTICHE, CEVOLANI G. I XII ANNI DELLA SOCIETÀ MEDICA SAMZ. CATTANI G. RIVISTA DELLE RIVISTE. QUESTIONI SOCIALI. PEDAGOGIA. BIBLIOGRAFIA. NOTE E DISCUSSIONI. GUARIGIONI DI LOURDES, TREDICI G. IL 2 FEBBRAIO, NOGARA G. UNA COMETA SCOMUNICATA. LE VERGINI NERE E LE VERGINI DALLA MELA. INDICE. RIVISTE DELLE RIVISTE. BIBLIOGRAFIA. NOTIZIE VARIE. | ||
| 501 | _aSocietà San Paolo EM - Piazza San Paolo, 14 - 12051 ALBA (CN) (non commercial uses only) ® Copyright 2017 | ||
| 520 | _aLA QUESTIONE LAURETANA. DANTE COSMOPOLITA. S. CARLO E IL VENERABILE BOSCAPÈ, MANZINI P. L. IL SISTEMA MORALE DI S. ALFONSO. MONDINO S. NUOVE SCOPERTE SULL'UOMO PRIMITIVO. GAFFURI C. AUTONOMIA DELLE TRE FIGURE SILLOGISTICHE, CEVOLANI G. I XII ANNI DELLA SOCIETÀ MEDICA SAMZ. CATTANI G. RIVISTA DELLE RIVISTE. QUESTIONI SOCIALI. PEDAGOGIA. BIBLIOGRAFIA. NOTE E DISCUSSIONI. GUARIGIONI DI LOURDES, TREDICI G. IL 2 FEBBRAIO, NOGARA G. UNA COMETA SCOMUNICATA. LE VERGINI NERE E LE VERGINI DALLA MELA. INDICE. RIVISTE DELLE RIVISTE. BIBLIOGRAFIA. NOTIZIE VARIE. | ||
| 650 | _aSCIENZE RELIGIOSE | ||
| 942 | _cCR | ||
| 957 | _71 | ||
| 999 |
_a62501 _bSI _g1 _c329527 _d329527 |
||